000 00299nam a22001337a 4500
008 170606b xxu||||| |||| 00| 0 eng d
020 _a9780830415700
041 _aeng
080 _a338
100 _a18
101 _aSHP
245 _aINTRODUCTION TO GLOBALIZATION
_cDIERKS,R.G
942 _2udc
_cBK
999 _c16175
_d16175